<?xml version="1.0" encoding="UTF-8"?>
<record
    xmlns:xsi="http://www.w3.org/2001/XMLSchema-instance"
    xsi:schemaLocation="http://www.loc.gov/MARC21/slim http://www.loc.gov/standards/marcxml/schema/MARC21slim.xsd"
    xmlns="http://www.loc.gov/MARC21/slim">

  <leader>01042na  a2200289   4500</leader>
  <controlfield tag="001">15742</controlfield>
  <controlfield tag="003">MIRAKIL</controlfield>
  <controlfield tag="005">20181213155119.0</controlfield>
  <controlfield tag="008">160923b        tu            000 0      </controlfield>
  <datafield tag="020" ind1=" " ind2=" ">
    <subfield code="a">9757669474</subfield>
  </datafield>
  <datafield tag="035" ind1=" " ind2=" ">
    <subfield code="a">15742</subfield>
  </datafield>
  <datafield tag="040" ind1=" " ind2=" ">
    <subfield code="a">Milas</subfield>
    <subfield code="b">tur</subfield>
    <subfield code="c">TR-AnCHP</subfield>
  </datafield>
  <datafield tag="082" ind1=" " ind2=" ">
    <subfield code="a">341.481026</subfield>
    <subfield code="b">G94i 1996</subfield>
  </datafield>
  <datafield tag="090" ind1=" " ind2=" ">
    <subfield code="a">341.481026 G94i 1996</subfield>
  </datafield>
  <datafield tag="100" ind1=" " ind2=" ">
    <subfield code="a">G&#xFC;lmez, Mesut</subfield>
  </datafield>
  <datafield tag="245" ind1=" " ind2=" ">
    <subfield code="a">&#x130;nsan haklar&#x131;n&#x131;n uluslararas&#x131; korunmas&#x131;</subfield>
    <subfield code="b">Birle&#x15F;mi&#x15F; Milletler sistemleri</subfield>
    <subfield code="c">Mesut G&#xFC;lmez</subfield>
  </datafield>
  <datafield tag="246" ind1=" " ind2=" ">
    <subfield code="a">Birle&#x15F;mi&#x15F; Milletler sistemleri</subfield>
  </datafield>
  <datafield tag="260" ind1=" " ind2=" ">
    <subfield code="a">Ankara</subfield>
    <subfield code="b">T&#xFC;rkiye ve Orta Do&#x11F;u Amme &#x130;daresi Enstit&#xFC;s&#xFC; (TODA&#x130;E)</subfield>
    <subfield code="c">1996</subfield>
  </datafield>
  <datafield tag="300" ind1=" " ind2=" ">
    <subfield code="a">62 s.</subfield>
    <subfield code="c">19 sm.</subfield>
  </datafield>
  <datafield tag="490" ind1=" " ind2=" ">
    <subfield code="a">&#x130;nsan Haklar&#x131; ve Demokrasi E&#x11F;itimi Elkitaplar&#x131; dizisi</subfield>
    <subfield code="v">4</subfield>
  </datafield>
  <datafield tag="490" ind1=" " ind2=" ">
    <subfield code="a">&#x130;nsan Haklar&#x131; Ara&#x15F;t&#x131;rma ve Derleme Merkezi</subfield>
    <subfield code="v">13</subfield>
  </datafield>
  <datafield tag="490" ind1=" " ind2=" ">
    <subfield code="a">T&#xFC;rkiye ve Orta Do&#x11F;u Amme &#x130;daresi Enstit&#xFC;s&#xFC; yay&#x131;nlar&#x131;</subfield>
    <subfield code="v">271</subfield>
  </datafield>
  <datafield tag="504" ind1=" " ind2=" ">
    <subfield code="a">Kaynak&#xE7;a var.</subfield>
  </datafield>
  <datafield tag="610" ind1=" " ind2=" ">
    <subfield code="a">Birle&#x15F;mi&#x15F; Milletler</subfield>
    <subfield code="x">&#x130;nsan Haklar&#x131; Komitesi</subfield>
  </datafield>
  <datafield tag="650" ind1=" " ind2=" ">
    <subfield code="a">Uluslararas&#x131; hukuk</subfield>
    <subfield code="x">&#x130;nsan haklar&#x131;</subfield>
  </datafield>
  <datafield tag="942" ind1=" " ind2=" ">
    <subfield code="2">ddc</subfield>
    <subfield code="c">BKS</subfield>
  </datafield>
  <datafield tag="952" ind1=" " ind2=" ">
    <subfield code="a">0001</subfield>
    <subfield code="b">0001</subfield>
    <subfield code="d">2016-09-23</subfield>
    <subfield code="e">2</subfield>
    <subfield code="l">0</subfield>
    <subfield code="o">341.481026 G94i 1996</subfield>
    <subfield code="p">004147</subfield>
    <subfield code="r">2016-09-23 00:00:00</subfield>
    <subfield code="v">0.00</subfield>
    <subfield code="w">2016-09-23</subfield>
    <subfield code="y">BKS</subfield>
  </datafield>
  <datafield tag="999" ind1=" " ind2=" ">
    <subfield code="c">6778</subfield>
    <subfield code="d">6778</subfield>
  </datafield>
</record>
